000 00680nam a2200193Ii 4500
003 JO-AjNU
008 230605s9999||||xx |||||||||||||| ||und||
040 _aJO-AjNU
_bara
_erda
_cJO-AjNU
041 _aara
050 1 4 _aPJ7561.M2 1961
100 3 _aفهمي، ماهر حسن,
_eauthor
_937870
245 0 0 _a حركة البعث في الشعر العربي الحديث
264 3 1 _aالقاهرة:مكتبة النهضة المصرية،1961
300 _a249ص
336 _atext
_btxt
_2rdacontent
337 _aunmediated
_bn
_2rdamedia
338 _avolume
_bnc
_2rdacarrier
650 4 _a الشعر العربي-تاريخ ونقد-القرن العشرين
_937871
999 _aA15863
_c19431
_d19431